01210nam a2200229 i 450000100060000000300090000600500170001500700030003200800410003508000190007611000320009524501080012726000460023530000200028150503110030159700680061265000480068065000580072885200270078699900170081395201500083047635ES-MaACL20230906161613.0t|030509s1917 it ||||1| ita d a94(4)"1914/18"1 aItalia. bEsercito.917344010aPanorami della guerra : bdalle raccolte della sezione fotografica del comando supremo del r. esercito. aMilano : bBestetti e Tumminell, c[1917] a5 v. ; c34 cm.8 aContiene: Fasc. 7. Il Trentino: l'Alpe di Val Travignolo - Fasc. 8-9. Il Trentino: Val Sugana, M.te. Pasubio, Altip.ni di Lavarone e Luserna - Fasc. 10. Il Trentino: il Garda, la Valle del Sarca e la Valle Lagarina - Fasc. 11. Il Trentino: le Alpi dello Stelvio - Fasc. 12. Le Alpi Cadorine da col di mezzo aCada fascículo comprende 1 mapa y 1 h. pleg. de fotografía. 4aGuerra mundial, 1914-1918-zItalia.9156091 4aGuerra mundial, 1914-1918-vObras ilustradas.9148755 aES-MaACLj1537-F-16-20 c47635d47635 001040708Colección_de_folletosaATENEOMbATENEOMcDEPOFd2008-01-17eSCl0o1537-F-16-20p1050119r2023-02-23 00:00:00w2023-02-23yFOLLETOS